| 000 -LEADER |
| fixed length control field |
00378nam a22001457a 4500 |
| 005 - DATE AND TIME OF LATEST TRANSACTION |
| control field |
20230914104908.0 |
| 008 - FIXED-LENGTH DATA ELEMENTS--GENERAL INFORMATION |
| fixed length control field |
230914s1984 xo ||||| |||| 00| 0 slv d |
| 041 ## - LANGUAGE CODE |
| Language code of text/sound track or separate title |
slv |
| 080 ## - UNIVERSAL DECIMAL CLASSIFICATION NUMBER |
| Universal Decimal Classification number |
069 P-60 |
| 100 ## - MAIN ENTRY--PERSONAL NAME |
| Personal name |
Pichlerová, Magda |
| 9 (RLIN) |
19674 |
| 245 ## - TITLE STATEMENT |
| Title |
Antická Gerulata / |
| Statement of responsibility, etc. |
Magda Pichlerová. |
| 264 ## - PRODUCTION, PUBLICATION, DISTRIBUTION, MANUFACTURE, AND COPYRIGHT NOTICE |
| Place of production, publication, distribution, manufacture |
Bratislava, |
| Date of production, publication, distribution, manufacture, or copyright notice |
1984. |
| 300 ## - PHYSICAL DESCRIPTION |
| Extent |
35 p.: |
| Other physical details |
ill.; |
| Dimensions |
21 cm. |
| 942 ## - ADDED ENTRY ELEMENTS (KOHA) |
| Source of classification or shelving scheme |
|
| Koha item type |
წიგნი |